000
00243nam a2200109Ia 4500
005
20251222155105.0
008
251222s9999||||xx |||||||||||||| ||spa||
082
_a
EMI.24
245
0
_a
Embarazo y nacimiento
264
_b
No tiene
942
_c
LIB
999
_c
37842
_d
37842